| 000 | 00511nam a22001577a 4500 | ||
|---|---|---|---|
| 008 | 230615b |||||||| |||| 00| 0 eng d | ||
| 040 |
_aNational Science Library _cNational Science Library |
||
| 080 |
_a621.39 _bN5 |
||
| 245 | _aCellular radio and personal communications | ||
| 260 |
_aU.S.A.: _bThe Institute of Electrical and Electronics Engineers, Inc., _c1995 |
||
| 300 | _a302p. | ||
| 650 | _aCommunications | ||
| 653 | _aCellular radio | ||
| 700 | _aRappaport, Theodore S (Ed.) | ||
| 942 |
_2udc _cBK |
||
| 999 |
_c43755 _d43755 |
||